000 00619nam a22002177a 4500
999 _c5269
_d5269
003 AR-CdUCM
008 190312b ||||| |||| 00| 0 spa d
040 _aMUNICIPALIDAD PROVINCIAL DEL CUSCO
_cBIBLIOTECA MUNICIPAL DEL CUSCO
082 _a869.56 /
_bM51
100 _aMejia, Feliciano
_93116
245 _aTirodegracia /
260 _aLima :
_bTalleres Grafica,
_c1980.
300 _a70 paginas ;
_c18 cm.
500 _aDonación familia Nietos
505 _aContenido :Poemas /
650 _aLiteratura peruana
_9169
650 _aSiglo XX
_98
650 _aPoemas
_9929
942 _2ddc
_cLIBROS
945 _arjall